<?xml version="1.0" encoding="UTF-8"?>
<record
    xmlns:xsi="http://www.w3.org/2001/XMLSchema-instance"
    xsi:schemaLocation="http://www.loc.gov/MARC21/slim http://www.loc.gov/standards/marcxml/schema/MARC21slim.xsd"
    xmlns="http://www.loc.gov/MARC21/slim">

  <leader>00802nam a22002055a 4500</leader>
  <controlfield tag="003">OSt</controlfield>
  <controlfield tag="005">20170622105608.0</controlfield>
  <controlfield tag="008">170615s1998    le a   grb   f000 0 ara d</controlfield>
  <datafield tag="040" ind1=" " ind2=" ">
    <subfield code="a">EG-ScBUE</subfield>
    <subfield code="b">ara</subfield>
    <subfield code="c">EG-ScBUE</subfield>
  </datafield>
  <datafield tag="082" ind1="0" ind2="4">
    <subfield code="2">22</subfield>
    <subfield code="b">492.78242</subfield>
    <subfield code="a">&#x639; &#x637; &#x627;</subfield>
  </datafield>
  <datafield tag="100" ind1="1" ind2=" ">
    <subfield code="a">&#x639;&#x637;&#x627;&#x631;&#x60C; &#x633;&#x645;&#x631;.</subfield>
  </datafield>
  <datafield tag="245" ind1="1" ind2="2">
    <subfield code="a">&#x627;&#x644;&#x642;&#x648;&#x627;&#x639;&#x62F; &#x627;&#x644;&#x639;&#x631;&#x628;&#x64A;&#x629; &#x641;&#x64A; &#x645;&#x636;&#x645;&#x648;&#x646; &#x645;&#x641;&#x64A;&#x62F; :</subfield>
    <subfield code="b">&#x628;&#x631;&#x646;&#x627;&#x645;&#x62C; &#x62E;&#x627;&#x635; &#x644;&#x644;&#x623;&#x62C;&#x627;&#x646;&#x628; &#x627;&#x644;&#x645;&#x62A;&#x642;&#x62F;&#x645;&#x64A;&#x646; &#x641;&#x64A; &#x627;&#x644;&#x644;&#x63A;&#x629; /</subfield>
    <subfield code="c">&#x633;&#x645;&#x631; &#x627;&#x644;&#x639;&#x637;&#x627;&#x631;.</subfield>
  </datafield>
  <datafield tag="246" ind1="3" ind2="5">
    <subfield code="a">Modern Arabic :</subfield>
    <subfield code="b">grammar in context : an advanced course for foreign students</subfield>
  </datafield>
  <datafield tag="260" ind1=" " ind2=" ">
    <subfield code="a">&#x628;&#x64A;&#x631;&#x648;&#x62A; :</subfield>
    <subfield code="b">&#x645;&#x643;&#x62A;&#x628;&#x629; &#x644;&#x628;&#x646;&#x627;&#x646; &#x646;&#x627;&#x634;&#x631;&#x648;&#x646;&#x60C;</subfield>
    <subfield code="c">1998.</subfield>
  </datafield>
  <datafield tag="300" ind1=" " ind2=" ">
    <subfield code="a">269 &#x635;. :</subfield>
    <subfield code="b">&#x625;&#x64A;&#x636;. &#x61B;</subfield>
    <subfield code="c">24 &#x633;&#x645;.</subfield>
  </datafield>
  <datafield tag="650" ind1=" " ind2="7">
    <subfield code="2">BUEsh</subfield>
    <subfield code="a">&#x627;&#x644;&#x644;&#x63A;&#x629; &#x627;&#x644;&#x639;&#x631;&#x628;&#x64A;&#x629;  </subfield>
    <subfield code="x">&#x62F;&#x631;&#x627;&#x633;&#x629; &#x648;&#x62A;&#x639;&#x644;&#x64A;&#x645;.</subfield>
  </datafield>
  <datafield tag="651" ind1=" " ind2=" ">
    <subfield code="2">BUEsh</subfield>
  </datafield>
  <datafield tag="653" ind1=" " ind2=" ">
    <subfield code="b">GGEN</subfield>
    <subfield code="c">June2017</subfield>
  </datafield>
  <datafield tag="942" ind1=" " ind2=" ">
    <subfield code="2">ddc</subfield>
  </datafield>
  <datafield tag="999" ind1=" " ind2=" ">
    <subfield code="c">24951</subfield>
    <subfield code="d">24923</subfield>
  </datafield>
  <datafield tag="952" ind1=" " ind2=" ">
    <subfield code="0">0</subfield>
    <subfield code="1">0</subfield>
    <subfield code="2">ddc</subfield>
    <subfield code="4">0</subfield>
    <subfield code="7">0</subfield>
    <subfield code="8">sphinx</subfield>
    <subfield code="a">MAIN</subfield>
    <subfield code="b">MAIN</subfield>
    <subfield code="c">2ND</subfield>
    <subfield code="d">2017-06-22</subfield>
    <subfield code="e">Purchase</subfield>
    <subfield code="g">75.00</subfield>
    <subfield code="h">71066</subfield>
    <subfield code="o">&#x639; &#x637; &#x627; 492.78242</subfield>
    <subfield code="p">000041961</subfield>
    <subfield code="r">2025-07-15 00:00:00</subfield>
    <subfield code="v">94.00</subfield>
    <subfield code="y">BB</subfield>
  </datafield>
</record>
